[Event "Heusenstamm Sparkassen op-A 5th"]
[Site "Heusenstamm"]
[Date "2018.11.23"]
[Round "2"]
[White "Sanati, Charlotte"]
[Black "Barski, Radoslaw"]
[Result "0-1"]
[WhiteElo "2096"]
[BlackElo "2459"]
[PlyCount "64"]
[EventDate "2018.11.22"]
[EventType "swiss"]
[EventRounds "7"]
[EventCountry "GER"]
[SourceTitle "CBM 188 Extra"]
[Source "ChessBase"]
[SourceDate "2019.02.26"]
[SourceVersion "1"]
[SourceVersionDate "2019.02.26"]
[SourceQuality "1"]

1. d4 Nf6 2. c4 g6 3. Nc3 Bg7 4. e4 d6 5. f3 0-0 6. Be3 b6 7. Qd2 c5 8. Nge2 Ba6 9. Ng3 e6 10. Be2 Nc6 11. d5 Nd4 12. Rc1 Nxe2 13. Ncxe2 exd5 14. exd5 Re8 15. Bg5 b5 16. b3 Qb6 17. 0-0 Nd7 18. Ne4 f5 19. Nf2 bxc4 20. bxc4 Qb4 21. Rfe1 Qxd2 22. Bxd2 Nb6 23. Bf4 Bxc4 24. Rc2 Be5 25. Nh3 Bd3 26. Rd2 Bd4+ 27. Kf1 Ba6 28. Rc1 Nxd5 29. Bxd6 Be3 30. Rxd5 Bxc1 31. Be5 Be3 32. Ke1 Bc4 0-1

[Event "Heusenstamm Sparkassen op-A 5th"]
[Site "Heusenstamm"]
[Date "2018.11.22"]
[Round "1"]
[White "Papadopoulos, Ioannis1111"]
[Black "Sanati, Charlotte"]
[Result "0-1"]
[WhiteElo "1796"]
[BlackElo "2096"]
[PlyCount "80"]
[EventDate "2018.11.22"]
[EventType "swiss"]
[EventRounds "7"]
[EventCountry "GER"]
[SourceTitle "CBM 188 Extra"]
[Source "ChessBase"]
[SourceDate "2019.02.26"]
[SourceVersion "1"]
[SourceVersionDate "2019.02.26"]
[SourceQuality "1"]

1. e4 c5 2. Nf3 g6 3. d4 cxd4 4. Nxd4 Nc6 5. Be3 Bg7 6. Nc3 Nf6 7. Bc4 Qa5 8. f3 Qb4 9. Bb3 Nxe4 10. Nxc6 Bxc3+ 11. bxc3 Qxc3+ 12. Ke2 dxc6 13. Bd4 e5 14. fxe4 exd4 15. Qd3 Bg4+ 16. Kf2 Qc5 17. Rhf1 0-0 18. Kg1 Qe5 19. Rxf7 Rxf7 20. Bxf7+ Kg7 21. Rf1 Rf8 22. Bb3 Rxf1+ 23. Kxf1 c5 24. Bd5 b6 25. h3 Be6 26. Bxe6 Qxe6 27. a4 Kf6 28. Kf2 Ke5 29. Qg3+ Kxe4 30. Qh4+ Kd5 31. Qxh7 Qe3+ 32. Kf1 Qc1+ 33. Kf2 Qxc2+ 34. Kg3 Qd3+ 35. Kh2 Qf5 36. Qxa7 d3 37. Qa8+ Kc4 38. Qa6+ Kc3 39. Qxb6 d2 40. Qa5+ Kc2 0-1

[Event "Oberliga Sued W 1718"]
[Site "Germany"]
[Date "2017.11.26"]
[Round "5.8"]
[White "Sanati, Charlotte"]
[Black "Krumm, Johannes"]
[Result "0-1"]
[WhiteElo "2055"]
[BlackElo "2073"]
[PlyCount "70"]
[EventDate "2017.09.10"]
[EventType "team-tourn"]
[EventRounds "11"]
[EventCountry "GER"]
[SourceTitle "EXT 2019"]
[Source "ChessBase"]
[SourceDate "2018.10.10"]
[SourceVersion "1"]
[SourceVersionDate "2018.10.10"]
[SourceQuality "1"]
[WhiteTeam "Trier"]
[BlackTeam "Altenkirchen"]
[WhiteTeamCountry "GER"]
[BlackTeamCountry "GER"]

1. d4 d5 2. c4 c6 3. Nf3 Nf6 4. Nc3 a6 5. e3 b5 6. b3 Bg4 7. Be2 Nbd7 8. 0-0 Qb8 9. h3 Bh5 10. cxd5 cxd5 11. Nh4 Bxe2 12. Qxe2 e6 13. Bd2 Be7 14. Rac1 0-0 15. Nf3 Rc8 16. Qd3 Ba3 17. Rc2 Qc7 18. Ne1 Qb7 19. f4 g6 20. Nf3 Ne4 21. Ne5 Ndf6 22. Nb1 Rxc2 23. Qxc2 Rc8 24. Qd3 Nxd2 25. Qxd2 Ne4 26. Qd3 Bc1 27. Re1 Qc7 28. Re2 Ng3 29. Rf2 Nf5 30. g4 Bxe3 31. gxf5 Qc1+ 32. Qf1 Bxf2+ 33. Kxf2 Rc2+ 34. Kg1 Qe3+ 35. Kh1 Rc1 0-1

[Event "Goch op 27th"]
[Site "Goch"]
[Date "2016.09.04"]
[Round "6"]
[White "Degardin, Sylvain"]
[Black "Sanati, Charlotte"]
[Result "1-0"]
[WhiteElo "2114"]
[BlackElo "1867"]
[PlyCount "55"]
[EventDate "2016.09.01"]
[EventType "swiss"]
[EventRounds "7"]
[EventCountry "GER"]
[SourceTitle "EXT 2018"]
[Source "ChessBase"]
[SourceDate "2017.10.13"]
[SourceVersion "1"]
[SourceVersionDate "2017.10.13"]
[SourceQuality "1"]

1. e4 c5 2. Nf3 d6 3. d4 cxd4 4. Nxd4 Nf6 5. Nc3 a6 6. h3 e6 7. g4 d5 8. Nde2 Bb4 9. exd5 Nxd5 10. Bg2 0-0 11. 0-0 Nxc3 12. Nxc3 Qc7 13. Qf3 Nd7 14. Bf4 e5 15. Nd5 Qc4 16. b3 Qc5 17. Be3 Qd6 18. Rad1 Bc5 19. c4 Rb8 20. Bd2 b6 21. Bc3 Bb7 22. Qg3 a5 23. g5 Bxd5 24. Rxd5 Qe7 25. Rfd1 Rfd8 26. Qd3 Bd4 27. Bxd4 exd4 28. Rxd4 1-0

[Event "Goch op 27th"]
[Site "Goch"]
[Date "2016.09.03"]
[Round "4"]
[White "Sanati, Charlotte"]
[Black "Stark, Lars"]
[Result "0-1"]
[WhiteElo "1867"]
[BlackElo "2361"]
[PlyCount "134"]
[EventDate "2016.09.01"]
[EventType "swiss"]
[EventRounds "7"]
[EventCountry "GER"]
[SourceTitle "EXT 2018"]
[Source "ChessBase"]
[SourceDate "2017.10.13"]
[SourceVersion "1"]
[SourceVersionDate "2017.10.13"]
[SourceQuality "1"]

1. d4 Nf6 2. c4 e6 3. Nc3 Bb4 4. Qc2 0-0 5. Nf3 d6 6. e3 Re8 7. Be2 e5 8. d5 a5 9. Bd2 Nbd7 10. 0-0 Nc5 11. a3 Bxc3 12. Bxc3 a4 13. Nd2 Qe7 14. e4 b6 15. Bb4 Bd7 16. h3 Rf8 17. Rae1 Be8 18. Bxc5 bxc5 19. Nb1 Bd7 20. Nc3 Rfb8 21. Nb5 Bxb5 22. cxb5 Nd7 23. Rb1 Nb6 24. Bd3 Ra5 25. Rfc1 Qg5 26. Qc3 Raa8 27. Rc2 Nc8 28. b4 axb3 29. Qxb3 Nb6 30. Ra1 Ra4 31. Bc4 Rba8 32. Raa2 Qf4 33. Qd3 f5 34. f3 Qg3 35. Rc3 Qe1+ 36. Kh2 f4 37. Rcc2 g5 38. Rc3 h5 39. Rcc2 Kg7 40. Qe2 Qxe2 41. Bxe2 Rxa3 42. Rxa3 Rxa3 43. Kg1 Kf6 44. Kf2 Ra1 45. Bd3 Ke7 46. Ke2 Kd8 47. Kd2 Kc8 48. Kc3 Ra3+ 49. Kd2 Kb7 50. Rc3 Ra1 51. Rc2 Nd7 52. Rc1 Rxc1 53. Kxc1 Kb6 54. Kc2 Ka5 55. Kb3 Nb6 56. Be2 Nc8 57. Bc4 Na7 58. Bd3 Nxb5 59. Kc4 Nd4 60. Kc3 Ka4 61. Bc4 Nb5+ 62. Kd2 Kb4 63. Kd3 Nc3 64. Ba6 Nd1 65. Ke2 Ne3 66. Kf2 h4 67. Bd3 Kc3 0-1

[Event "Goch op 27th"]
[Site "Goch"]
[Date "2016.09.02"]
[Round "2"]
[White "Sanati, Charlotte"]
[Black "Browning, Alex"]
[Result "1-0"]
[WhiteElo "1867"]
[BlackElo "2100"]
[PlyCount "129"]
[EventDate "2016.09.01"]
[EventType "swiss"]
[EventRounds "7"]
[EventCountry "GER"]
[SourceTitle "EXT 2018"]
[Source "ChessBase"]
[SourceDate "2017.10.13"]
[SourceVersion "1"]
[SourceVersionDate "2017.10.13"]
[SourceQuality "1"]

1. d4 Nf6 2. c4 g6 3. Nc3 Bg7 4. e4 d6 5. f3 0-0 6. Be3 Nc6 7. Nge2 a6 8. Qd2 Rb8 9. g4 e5 10. d5 Na5 11. Ng3 c5 12. h4 Bd7 13. h5 b5 14. Bh6 Qe7 15. Nf5 Bxf5 16. exf5 Bxh6 17. Qxh6 bxc4 18. g5 Ne8 19. Bh3 gxf5 20. Bxf5 f6 21. g6 Qg7 22. Qxh7+ Qxh7 23. gxh7+ Kh8 24. 0-0-0 Ng7 25. Bg6 f5 26. Rdg1 Rb7 27. Rg5 f4 28. Rhg1 Re7 29. h6 Ne8 30. Ne4 Nc7 31. Nxd6 Nxd5 32. Be4 Nf6 33. Rg7 Nxe4 34. Rxe7 Nxd6 35. Reg7 Rf7 36. Rxf7 Nxf7 37. Rg8+ Kxh7 38. Rg7+ Kxh6 39. Rxf7 Kg5 40. Rc7 Kf5 41. Rxc5 Nb7 42. Rxc4 a5 43. Kd2 Ke6 44. b3 Kd5 45. Ra4 Kc6 46. Kc3 Kc5 47. Rc4+ Kd5 48. b4 axb4+ 49. Rxb4 Nd6 50. a4 e4 51. fxe4+ Nxe4+ 52. Kd3 Nc5+ 53. Ke2 Kc6 54. a5 Kc7 55. Rc4 Kd6 56. Rxf4 Kc7 57. Rb4 Na6 58. Rb1 Nc5 59. Ke3 Kc6 60. Kd4 Ne6+ 61. Kc4 Nc7 62. Rb6+ Kd7 63. a6 Na8 64. Rb8 Nc7 65. a7 1-0

[Event "GER-ch U16 Girls"]
[Site "Willingen"]
[Date "2016.05.17"]
[Round "5"]
[White "Halas, Julia"]
[Black "Sanati, Charlotte"]
[Result "0-1"]
[WhiteElo "1777"]
[BlackElo "1919"]
[PlyCount "88"]
[EventDate "2016.05.15"]
[EventType "swiss"]
[EventRounds "9"]
[EventCountry "GER"]
[SourceTitle "CBM 172 Extra"]
[Source "ChessBase"]
[SourceDate "2016.06.21"]
[SourceVersion "1"]
[SourceVersionDate "2016.06.21"]
[SourceQuality "1"]

1. d4 d5 2. c4 c6 3. Nf3 Nf6 4. Nc3 e6 5. Bg5 Nbd7 6. e3 Qa5 7. cxd5 Nxd5 8. Qc2 Bb4 9. Kd2 c5 10. Bd3 cxd4 11. exd4 N7b6 12. Rhc1 Na4 13. Qb3 f6 14. Be3 Bd7 15. a3 Bxc3+ 16. bxc3 b5 17. Be4 Rc8 18. Bxd5 exd5 19. Qb4 Qc7 20. h3 a5 21. Qb3 Qc6 22. Ne1 Bf5 23. Nd3 0-0 24. Nf4 Rfd8 25. g4 Be4 26. Ne2 Nb6 27. Ng3 Nc4+ 28. Ke2 Re8 29. Nxe4 Rxe4 30. a4 Qe6 31. Qxb5 Nxe3 32. fxe3 Rxe3+ 33. Kd2 Re8 34. Kc2 Qd6 35. Rd1 Re2+ 36. Rd2 Rxd2+ 37. Kxd2 Qh2+ 38. Kd1 Kf8 39. Qc5+ Re7 40. Kc1 Qxh3 41. Kb2 Qg2+ 42. Ka3 Kf7 43. Qxa5 Rb7 44. Ra2 Qh1 0-1

[Event "GER-ch U16 Girls"]
[Site "Willingen"]
[Date "2016.05.16"]
[Round "3"]
[White "Ratay, Meike"]
[Black "Sanati, Charlotte"]
[Result "0-1"]
[WhiteElo "1720"]
[BlackElo "1919"]
[PlyCount "164"]
[EventDate "2016.05.15"]
[EventType "swiss"]
[EventRounds "9"]
[EventCountry "GER"]
[SourceTitle "CBM 172 Extra"]
[Source "ChessBase"]
[SourceDate "2016.06.21"]
[SourceVersion "1"]
[SourceVersionDate "2016.06.21"]
[SourceQuality "1"]

1. e4 c5 2. Nf3 d6 3. d4 cxd4 4. Nxd4 Nf6 5. Nc3 a6 6. f3 e5 7. Nb3 Be6 8. Be3 Nbd7 9. Qd2 Be7 10. 0-0-0 b5 11. g4 Nb6 12. Na5 Qc7 13. g5 Nh5 14. Nd5 Nxd5 15. exd5 Bd7 16. Bd3 0-0 17. Kb1 Rab8 18. Nb3 Rfc8 19. Nc1 g6 20. Ne2 Qb7 21. Be4 b4 22. Ng3 Ng7 23. f4 exf4 24. Bxf4 Bg4 25. Rde1 Nh5 26. Nxh5 Bxh5 27. Rhf1 Qd7 28. Be3 Rc4 29. Bd3 Rc7 30. Bxa6 Ra8 31. Qd3 Qa4 32. Bc4 Bg4 33. Bb3 Qd7 34. Qd4 Rb7 35. Bd2 Bf8 36. Bxb4 Bg7 37. Qd2 Bf5 38. Bc3 Rxb3 39. axb3 Qa7 40. Ba5 Qxa5 41. Qxa5 Rxa5 42. Re8+ Bf8 43. Rd1 Rb5 44. Kc1 f6 45. gxf6 Kf7 46. Rd8 Bh6+ 47. Kb1 Bf4 48. Rd4 Be5 49. Rc4 Kxf6 50. Kc1 Rxd5 51. h4 h6 52. Rf8+ Ke7 53. Rg8 Kf7 54. Rb8 g5 55. Rc7+ Kg6 56. hxg5 hxg5 57. b4 g4 58. b5 g3 59. b6 Rb5 60. b7 d5 61. Rg8+ Kh5 62. Rf7 Bg6 63. Rf1 Rxb7 64. b3 Bd4 65. Rh1+ Kg5 66. Rh3 Bf2 67. Rxg3+ Bxg3 68. Kd2 Be5 69. Rd8 Be4 70. Ke3 Rc7 71. c4 Bh1 72. cxd5 Rc3+ 73. Kd2 Rxb3 74. d6 Be4 75. d7 Rd3+ 76. Ke2 Bc7 77. Rg8+ Kf6 78. Rf8+ Kg7 79. Re8 Bf5 80. Re7+ Kf6 81. d8Q Bxd8 82. Ra7 Bb6 0-1

[Event "Goch op 26th"]
[Site "Goch"]
[Date "2015.09.06"]
[Round "7"]
[White "Brandt, Thorsten"]
[Black "Sanati, Charlotte"]
[Result "0-1"]
[WhiteElo "1954"]
[BlackElo "1871"]
[PlyCount "50"]
[EventDate "2015.09.03"]
[EventType "swiss"]
[EventRounds "7"]
[EventCountry "GER"]
[SourceTitle "EXT 2018"]
[Source "ChessBase"]
[SourceDate "2017.10.13"]
[SourceVersion "1"]
[SourceVersionDate "2017.10.13"]
[SourceQuality "1"]

1. d4 d5 2. Bf4 Nf6 3. e3 Bf5 4. c4 c6 5. Qb3 Qb6 6. Nc3 e6 7. c5 Qxb3 8. axb3 Nbd7 9. b4 Ne4 10. Nxe4 Bxe4 11. b5 e5 12. bxc6 bxc6 13. Bg3 Be7 14. Ne2 0-0 15. Nc3 Bg6 16. Ba6 Rab8 17. 0-0-0 Rb4 18. h4 Rfb8 19. Rd2 Rb3 20. e4 dxe4 21. dxe5 Nxc5 22. Bc4 e3 23. Bxf7+ Kxf7 24. fxe3 Rxc3+ 25. Kd1 Bh5+ 0-1

[Event "GER-ch U14 Girls"]
[Site "Willingen"]
[Date "2015.05.26"]
[Round "5"]
[White "Koehler, Inken"]
[Black "Sanati, Charlotte"]
[Result "0-1"]
[WhiteElo "1709"]
[BlackElo "1845"]
[PlyCount "110"]
[EventDate "2015.05.24"]
[EventType "swiss"]
[EventRounds "9"]
[EventCountry "GER"]
[SourceTitle "CBM 166 Extra"]
[Source "ChessBase"]
[SourceDate "2015.06.18"]
[SourceVersion "1"]
[SourceVersionDate "2015.06.18"]
[SourceQuality "1"]

1. e4 e6 2. d4 d5 3. exd5 exd5 4. Bd3 Nc6 5. c3 Bd6 6. Ne2 Bg4 7. Qb3 Nge7 8. Bg5 Qd7 9. Nd2 f6 10. Bh4 0-0-0 11. 0-0-0 Rde8 12. Bg3 Nf5 13. f3 Nxg3 14. Nxg3 Be6 15. Rhe1 g6 16. Re2 Rhg8 17. Qc2 Bf4 18. Kb1 Qd6 19. Ndf1 Kb8 20. Rde1 Re7 21. Rf2 Rge8 22. Ne2 Bf7 23. g3 Be3 24. Nxe3 Rxe3 25. Qd2 Na5 26. Rff1 Qe7 27. b3 g5 28. Be4 Rxe2 29. Rxe2 dxe4 30. fxe4 Rd8 31. Qe3 Bg6 32. Kb2 Re8 33. Rfe1 Qd7 34. Qf2 Bh5 35. Re3 Qb5 36. Kc2 Qc6 37. Qf5 b6 38. Qxh7 Bg4 39. h3 Bd7 40. Rf1 f5 41. Rfe1 fxe4 42. Rxe4 Rxe4 43. Rxe4 Qd5 44. g4 Bc6 45. Kd3 Qb5+ 46. c4 Bxe4+ 47. Qxe4 Qd7 48. Qe5 Nc6 49. Qh8+ Kb7 50. Kc3 Qe7 51. d5 Qe1+ 52. Kb2 Qd2+ 53. Ka3 Nb4 54. Qf8 Qxa2+ 55. Kxb4 Qa5# 0-1

[Event "SVR-ch MTB 38th"]
[Site "Nickenich"]
[Date "2015.04.02"]
[Round "6"]
[White "Becker, Wilhelm"]
[Black "Sanati, Charlotte"]
[Result "1/2-1/2"]
[WhiteElo "1941"]
[BlackElo "1928"]
[PlyCount "45"]
[EventDate "2015.03.27"]
[EventType "tourn"]
[EventRounds "9"]
[EventCountry "GER"]
[SourceTitle "EXT 2016"]
[Source "ChessBase"]
[SourceDate "2015.10.08"]
[SourceVersion "1"]
[SourceVersionDate "2015.10.08"]
[SourceQuality "1"]

1. d4 d5 2. c4 c6 3. Nf3 Nf6 4. Nc3 e6 5. Bg5 dxc4 6. e4 b5 7. e5 h6 8. Bh4 g5 9. Nxg5 hxg5 10. Bxg5 Nbd7 11. exf6 Bb7 12. g3 c5 13. d5 Qb6 14. Bg2 0-0-0 15. 0-0 b4 16. Na4 Qb5 17. a3 Nb8 18. axb4 cxb4 19. Qg4 Bxd5 20. Rfc1 Nc6 21. Bxd5 Rxd5 22. Be3 Ne5 23. Qe4 1/2-1/2

[Event "SVR-ch MTB 38th"]
[Site "Nickenich"]
[Date "2015.03.29"]
[Round "5"]
[White "Sanati, Charlotte"]
[Black "Schnur, Edmund"]
[Result "1/2-1/2"]
[WhiteElo "1928"]
[BlackElo "2062"]
[PlyCount "119"]
[EventDate "2015.03.27"]
[EventType "tourn"]
[EventRounds "9"]
[EventCountry "GER"]
[SourceTitle "EXT 2016"]
[Source "ChessBase"]
[SourceDate "2015.10.08"]
[SourceVersion "1"]
[SourceVersionDate "2015.10.08"]
[SourceQuality "1"]

1. e4 Nf6 2. e5 Nd5 3. d4 d6 4. Nf3 Bg4 5. Be2 e6 6. h3 Bh5 7. 0-0 Be7 8. c4 Nb6 9. Nc3 0-0 10. Be3 Nc6 11. b3 f6 12. exd6 cxd6 13. d5 exd5 14. Nxd5 Nxd5 15. cxd5 Bxf3 16. Bxf3 Ne5 17. Rc1 Qa5 18. Qe2 Rac8 19. Be4 Rxc1 20. Rxc1 f5 21. Bf3 a6 22. Bf4 Bf6 23. Bxe5 Bxe5 24. a4 b5 25. axb5 axb5 26. Qc2 Qb4 27. g3 Qd4 28. Kg2 b4 29. Qc4 h6 30. Qxd4 Bxd4 31. Be2 Bc5 32. Rc2 g6 33. Bd3 Re8 34. Re2 Re5 35. Bc4 Kg7 36. f4 Re4 37. Rxe4 fxe4 38. g4 Kf6 39. Be2 Be3 40. Kg3 g5 41. f5 Bd2 42. Bf1 Be1+ 43. Kg2 Ke5 44. Bc4 Bc3 45. Kg3 Bd4 46. Kg2 Kf4 47. Bf1 Ke3 48. Bb5 Kf4 49. Bf1 e3 50. Bd3 Bc3 51. Be2 Ke4 52. Bc4 e2 53. Bxe2 Kxd5 54. Kf3 Bd4 55. Bc4+ Ke5 56. Bb5 Bb6 57. Bc6 d5 58. Bb7 d4 59. Be4 Bc5 60. Bd3 1/2-1/2

[Event "Staufer op-A 27th"]
[Site "Schwaebisch Gmuend"]
[Date "2015.01.03"]
[Round "3"]
[White "Sanati, Charlotte"]
[Black "Wiley, Tom E"]
[Result "1/2-1/2"]
[WhiteElo "1862"]
[BlackElo "2227"]
[PlyCount "89"]
[EventDate "2015.01.02"]
[EventType "swiss"]
[EventRounds "9"]
[EventCountry "GER"]
[SourceTitle "CBM 164 Extra"]
[Source "ChessBase"]
[SourceDate "2015.03.02"]
[SourceVersion "1"]
[SourceVersionDate "2015.03.02"]
[SourceQuality "1"]

1. e4 Nf6 2. e5 Nd5 3. d4 d6 4. c4 Nb6 5. exd6 cxd6 6. Nc3 g6 7. Be2 Bg7 8. Be3 0-0 9. Nf3 Bg4 10. h3 Bxf3 11. Bxf3 Nc6 12. b3 e6 13. Qd2 a5 14. a4 d5 15. cxd5 Nxd5 16. Nxd5 exd5 17. 0-0 Nb4 18. Rac1 b6 19. Rc3 Rc8 20. Rfc1 Qd7 21. Bf4 Rxc3 22. Rxc3 Rc8 23. Rxc8+ Qxc8 24. Bd6 Qc6 25. Bxb4 axb4 26. Kf1 Qc3 27. Qxc3 bxc3 28. Ke2 Bxd4 29. Kd3 Kf8 30. Bxd5 Ke7 31. f3 f6 32. b4 g5 33. Be4 Be5 34. Bxh7 Kd6 35. Kc4 Kc7 36. Kb5 Kb7 37. Be4+ Ka7 38. Kc6 Bg3 39. Kd5 Kb8 40. Ke6 Be5 41. Kf5 Kc7 42. Kg4 Bd6 43. Kf5 Be5 44. Kg4 Bd6 45. Kf5 1/2-1/2